[Event "31st Roquetas de Mar Open 2020"]
[Site "Roquetas de Mar"]
[Date "2020.01.02"]
[Round "1.9"]
[White "Harutyunian, Tigran K."]
[Black "Dylag, Emilia"]
[Result "1-0"]
[WhiteElo "2533"]
[BlackElo "2063"]
[Annotator "ChessBase"]
[PlyCount "71"]
[EventDate "2020.01.02"]
[EventType "swiss"]
[EventCountry "ESP"]
[SourceTitle "playchess.com"]
[Source "ChessBase"]
[SourceQuality "1"]
[TimeControl "5400+30"]

1. Nf3 {[%emt 0:00:00]} Nf6 {[%emt 0:00:00]} 2. g3 {[%emt 0:00:37]} g6 {[%emt 0:00:54]} 3. Bg2 {[%emt 0:00:08]} Bg7 {[%emt 0:00:33]} 4. d4 {[%emt 0:00:14]} d6 {[%emt 0:00:49]} 5. O-O {[%emt 0:00:14]} O-O {[%emt 0:00:36]} 6. Re1 {[%emt 0:00:27]} Nc6 {[%emt 0:04:22]} 7. d5 {[%emt 0:01:57]} Na5 {[%emt 0:00:57]} 8. e4 {[%emt 0:04:11]} c5 {[%emt 0:05:10]} 9. e5 {[%emt 0:09:07]} dxe5 {[%emt 0:01:47]} 10. Nxe5 {[%emt 0:00:09]} Ne8 {[%emt 0:10:51]} 11. Nd3 {[%emt 0:07:15]} c4 {[%emt 0:09:20]} 12. Nf4 {[%emt 0:00:43]} Nd6 {[%emt 0:02:11]} 13. c3 {[%emt 0:00:24]} b5 {[%emt 0:04:27]} 14. Nd2 {[%emt 0:03:50]} Rb8 {[%emt 0:04:14]} 15. Nf3 {[%emt 0:00:11]} Bg4 {[%emt 0:09:03]} 16. Be3 {[%emt 0:02:59]} b4 {[%emt 0:06:52]} 17. Bd4 {[%emt 0:03:34]} Bxd4 {[%emt 0:04:33]} 18. Qxd4 {[%emt 0:00:08]} Nb5 {[%emt 0:08:48]} 19. Qe3 {[%emt 0:01:36]} bxc3 {[%emt 0:00:26]} 20. bxc3 {[%emt 0:00:12]} Bxf3 {[%emt 0:02:30]} 21. Bxf3 {[%emt 0:00:07]} Na3 {[%emt 0:02:36]} 22. Re2 {[%emt 0:00:16]} Re8 {[%emt 0:06:02]} 23. Qxa7 {[%emt 0:05:06]} Rb7 {[%emt 0:06:33]} 24. Qe3 {[%emt 0:03:18]} Qd6 {[%emt 0:01:23]} 25. Rae1 {[%emt 0:00:21]} Rb6 {[%emt 0:01:57]} 26. h4 {[%emt 0:01:58]} Nb7 {[%emt 0:01:01]} 27. Nh3 {[%emt 0:00:47]} Qf6 {[%emt 0:02:08]} 28. Kg2 {[%emt 0:00:17]} Kg7 {[%emt 0:01:23]} 29. Ng5 {[%emt 0:00:24]} Ra6 {[%emt 0:01:03]} 30. Ne4 {[%emt 0:00:27]} Qe5 {[%emt 0:00:15]} 31. Qd2 {[%emt 0:00:42]} Qc7 {[%emt 0:00:32]} 32. h5 {[%emt 0:00:36]} Nd6 {[%emt 0:01:04]} 33. h6+ {[%emt 0:00:25]} Kf8 {[%emt 0:01:04]} 34. Qd4 {[%emt 0:00:16]} e5 {[%emt 0:00:54]} 35. dxe6 {[%emt 0:00:11]} Rxe6 {[%emt 0:00:07]} 36. Ng5 {[%emt 0:00:55]} 1-0

[Event "31st Roquetas de Mar Open 2020"]
[Site "Roquetas de Mar"]
[Date "2020.01.02"]
[Round "1.10"]
[White "Alvarez Morales, Miguel"]
[Black "Krysa, Leandro"]
[Result "0-1"]
[WhiteElo "2057"]
[BlackElo "2522"]
[Annotator "TA"]
[PlyCount "142"]
[EventDate "2020.01.02"]
[EventType "swiss"]
[EventCountry "ESP"]
[SourceTitle "playchess.com"]
[Source "ChessBase"]
[SourceQuality "1"]

{[%evp 19,142,0,0,-14,-12,-14,-8,-24,0,0,0,0,8,0,0,-12,-4,-49,-33,-42,-17,-13,-11,-39,-5,-35,-26,-35,-26,-62,-19,-38,0,0,0,-1,-2,-45,0,-37,-18,-25,-21,-21,-20,-29,-29,-27,-20,-21,0,-2,0,0,0,0,-2,-8,-15,-62,-62,-62,-62,-62,-62,-62,-62,-62,-62,-62,-62,-354,-354,-299,-62,-62,-62,-62,-62,-62,-62,-62,-62,-62,-62,-292,-292,-292,-62,-62,-62,-62,-62,-62,-19,-19,-59,-29969,-29970,-29968,-29971,-29971,-29972,-29971,-29973,-29969,-29968,-29975,-29974,-29976,-29977,-29977,-29978,-29978,-29979,-29979,-29978,-29980,-29981,-29981,-29982,-29982,-29983,-29983,-29982]} 1. e4 c5 2. c4 Nc6 3. Nc3 g6 4. g3 Bg7 5. Bg2 e6 6. Nge2 Nge7 7. O-O O-O 8. d3 d6 9. Rb1 b6 10. a3 Bb7 11. Be3 {A36: Symmetrical English vs ...g6: 4 Bg2 Bg7} Nd4 12. b4 Qd7 13. Qc1 {The position is equal.} (13. Qd2 Nxe2+ 14. Nxe2 cxb4 15. axb4 d5 16. Qa2 Rfd8 17. Rfc1 Nc6 18. Bg5 Re8 19. cxd5 exd5 20. exd5 Ne7 21. Nf4 {½-½ (71) Gordievsky,D (2622)-Krasenkow,M (2671) Wijk aan Zee 2018}) 13... Rae8 $146 ({Predecessor:} 13... Nec6 14. f4 f5 15. bxc5 dxc5 16. Rd1 Nxe2+ 17. Nxe2 Nd4 18. Bxd4 Bxd4+ 19. Nxd4 Qxd4+ 20. Kh1 {0-1 (50) Hellbing,H-Tobczewski,P Ruhrgebiet 1998}) 14. Bh6 e5 15. Bxg7 Kxg7 16. Nxd4 (16. f4 {seems wilder.} f5 17. Qd2 Nec6 18. exf5 Nxf5 19. Ne4) 16... cxd4 17. Nd5 f5 (17... b5 {with more complications.} 18. Nxe7 Rxe7 19. c5 f5 20. f4 fxe4 21. dxe4 Ref7) 18. Nxe7 Qxe7 19. exf5 Bxg2 20. Kxg2 gxf5 21. Qb2 Qf6 22. Rbd1 f4 23. f3 h5 24. Qd2 Kh8 25. Kh1 Rg8 26. gxf4 Qxf4 27. Qe2 Ref8 28. Rf2 h4 29. Qd2 Qe3 30. Qxe3 dxe3 $11 {[%mdl 4096] Endgame KRR-KRR} 31. Re2 $1 Rxf3 32. Rde1 h3 33. Rxe3 Rgf8 {( -> ...Rf1+)} 34. Kg1 R8f5 (34... Kg7 {is more complex.} 35. c5 bxc5 36. bxc5 dxc5 37. a4 Rxe3 38. Rxe3 Kf6) 35. Rxf3 Rxf3 {KR-KR} 36. c5 bxc5 ({Don't take} 36... dxc5 37. bxc5 bxc5 38. a4 $17) 37. bxc5 dxc5 38. Rxe5 Rxd3 39. Rxc5 Rxa3 40. Kf2 Kg7 41. Rc6 Kf7 42. Rh6 Ke7 43. Ke2 a5 44. Kf2 Kd7 45. Ra6 $2 {[%mdl 8192]} ({Better is} 45. Rh4 $15) 45... Kc7 $19 46. Rh6 {[#]} Kb7 $2 (46... Rb3 $1 $19 47. Rh4 Ra3) 47. Rh7+ Kc6 {aiming for ...Rb3.} 48. Rh6+ Kd5 49. Rh5+ Ke4 50. Rh4+ Kf5 51. Rh8 a4 {White must now prevent ...Rb3.} 52. Ra8 $2 (52. Rh4 $1 $15) 52... Kf4 53. Rf8+ Ke4 $2 (53... Ke5 $19 54. Re8+ Kd6 55. Rd8+ Ke5 56. Re8+ Kd5) 54. Rh8 $1 $15 Kd5 55. Rh5+ Kc4 {And now ...Rc3 would win.} 56. Rh4+ Kb3 {Hoping for ...Ra2+.} 57. Rxh3+ Kb2 58. Rh8 $2 {[%mdl 8192] [#]} (58. Rh4 $15) 58... Rb3 {Black mates.} 59. Re8 a3 60. Re2+ Ka1 61. Re1+ Rb1 62. Re8 a2 63. h4 Rb3 64. h5 Kb2 65. Re2+ Ka3 66. Re1 Rb1 67. Re8 Kb3 68. Ra8 a1=Q 69. Rxa1 Rxa1 70. Kf3 Ra4 71. Kg3 Re4 {Accuracy: White = 48%, Black = 55%.} 0-1

[Event "31st Roquetas de Mar Open 2020"]
[Site "Roquetas de Mar"]
[Date "2020.01.02"]
[Round "1.11"]
[White "Maiorov, Nikita"]
[Black "Lopez Mijail, Nicolas"]
[Result "1-0"]
[WhiteElo "2519"]
[BlackElo "2056"]
[Annotator "ChessBase"]
[PlyCount "81"]
[EventDate "2020.01.02"]
[EventType "swiss"]
[EventCountry "ESP"]
[SourceTitle "playchess.com"]
[Source "ChessBase"]
[SourceQuality "1"]
[TimeControl "5400+30"]

1. d4 {[%emt 0:00:00]} Nf6 {[%emt 0:00:00]} 2. c4 {[%emt 0:00:00]} e6 {[%emt 0:00:00]} 3. Nc3 {[%emt 0:00:00]} Bb4 {[%emt 0:00:00]} 4. e3 {[%emt 0:00:00]} c5 {[%emt 0:00:03]} 5. Bd3 {[%emt 0:00:05]} Nc6 {[%emt 0:00:42]} 6. Nf3 {[%emt 0:00:04]} cxd4 {[%emt 0:01:47]} 7. exd4 {[%emt 0:00:06]} d5 {[%emt 0:00:10]} 8. O-O {[%emt 0:00:41]} O-O {[%emt 0:00:47]} 9. a3 {[%emt 0:01:18]} Be7 {[%emt 0:00:28]} 10. c5 {[%emt 0:02:07]} b6 {[%emt 0:07:08]} 11. Bb5 {[%emt 0:06:13]} Bd7 {[%emt 0:01:46]} 12. b4 {[%emt 0:00:22]} bxc5 {[%emt 0:01:02]} 13. bxc5 {[%emt 0:02:42]} Ne4 {[%emt 0:03:25]} 14. Ne2 {[%emt 0:04:40]} Bf6 {[%emt 0:06:03]} 15. Bf4 {[%emt 0:03:34]} Qa5 {[%emt 0:13:35]} 16. a4 {[%emt 0:07:30]} a6 {[%emt 0:08:08]} 17. Bxc6 {[%emt 0:00:05]} Bxc6 {[%emt 0:00:06]} 18. Qc2 {[%emt 0:00:10]} Rfc8 {[%emt 0:03:31]} 19. h3 {[%emt 0:02:13]} Ra7 {[%emt 0:01:48]} 20. Rfb1 {[%emt 0:02:35]} Rb7 {[%emt 0:01:54]} 21. Rxb7 {[%emt 0:00:31]} Bxb7 {[%emt 0:00:07]} 22. Be5 {[%emt 0:00:44]} Bxe5 {[%emt 0:06:48]} 23. Nxe5 {[%emt 0:00:04]} f6 {[%emt 0:00:25]} 24. Nf3 {[%emt 0:04:16]} Bc6 {[%emt 0:01:56]} 25. Qb2 {[%emt 0:03:21]} Qc7 {[%emt 0:08:36]} 26. Nc3 {[%emt 0:02:39]} Rb8 {[%emt 0:00:38]} 27. Qc2 {[%emt 0:00:05]} Nxc3 {[%emt 0:03:08]} 28. Qxc3 {[%emt 0:00:10]} a5 {[%emt 0:00:13]} 29. Ne1 {[%emt 0:02:27]} Rb4 {[%emt 0:01:45]} 30. Nd3 {[%emt 0:00:13]} Rxa4 {[%emt 0:05:19]} 31. Rb1 {[%emt 0:00:59]} Rc4 {[%emt 0:10:09]} 32. Qb2 {[%emt 0:00:07]} Qd7 {[%emt 0:05:02]} 33. Qb8+ {[%emt 0:02:30]} Kf7 {[%emt 0:00:29]} 34. Qf4 {[%emt 0:00:04]} g5 {[%emt 0:05:43]} 35. Qe3 {[%emt 0:04:29]} a4 {[%emt 0:02:18]} 36. f4 {[%emt 0:00:16]} a3 {[%emt 0:01:35]} 37. fxg5 {[%emt 0:00:17]} a2 {[%emt 0:00:15]} 38. Rf1 {[%emt 0:00:17]} Qa7 {[%emt 0:01:26]} 39. Ne5+ {[%emt 0:02:11]} Kg7 {[%emt 0:00:38]} 40. gxf6+ {[%emt 0:00:25]} Kh8 {[%emt 0:00:13]} 41. f7 {[%emt 0:00:17]} 1-0

[Event "31st Roquetas de Mar Open 2020"]
[Site "Roquetas de Mar"]
[Date "2020.01.02"]
[Round "1.12"]
[White "Aledo Yanguas, Javier"]
[Black "Shariyazdanov, Andrey"]
[Result "0-1"]
[WhiteElo "2044"]
[BlackElo "2519"]
[Annotator "ChessBase"]
[PlyCount "66"]
[EventDate "2020.01.02"]
[EventType "swiss"]
[EventCountry "ESP"]
[SourceTitle "playchess.com"]
[Source "ChessBase"]
[SourceQuality "1"]
[TimeControl "5400+30"]

1. e4 {[%emt 0:00:00]} g6 {[%emt 0:00:00]} 2. d4 {[%emt 0:00:00]} Bg7 {[%emt 0:00:00]} 3. Nf3 {[%emt 0:00:32]} d6 {[%emt 0:00:06]} 4. Bc4 {[%emt 0:01:38]} Nf6 {[%emt 0:01:12]} 5. Nc3 {[%emt 0:01:40]} O-O {[%emt 0:00:18]} 6. O-O {[%emt 0:00:50]} Bg4 {[%emt 0:00:45]} 7. Be3 {[%emt 0:07:05]} Nc6 {[%emt 0:02:38]} 8. h3 {[%emt 0:03:08]} Bxf3 {[%emt 0:01:37]} 9. Qxf3 {[%emt 0:01:00]} e5 {[%emt 0:03:52]} 10. d5 {[%emt 0:01:24]} Ne7 {[%emt 0:02:07]} 11. Qd1 {[%emt 0:08:52]} c6 {[%emt 0:07:31]} 12. a4 {[%emt 0:09:50]} cxd5 {[%emt 0:01:25]} 13. exd5 {[%emt 0:03:51]} Nf5 {[%emt 0:00:34]} 14. Qd3 {[%emt 0:04:51]} Nxe3 {[%emt 0:05:06]} 15. fxe3 {[%emt 0:04:54]} Nh5 {[%emt 0:03:39]} 16. g4 {[%emt 0:05:08]} Nf6 {[%emt 0:01:58]} 17. e4 {[%emt 0:03:03]} Rc8 {[%emt 0:03:17]} 18. a5 {[%emt 0:06:21]} a6 {[%emt 0:00:59]} 19. Ra3 {[%emt 0:03:11]} h5 {[%emt 0:02:37]} 20. gxh5 {[%emt 0:10:07]} Nxh5 {[%emt 0:00:51]} 21. Ne2 {[%emt 0:02:02]} Bh6 {[%emt 0:01:39]} 22. b4 {[%emt 0:03:18]} Qh4 {[%emt 0:02:07]} 23. Ba2 {[%emt 0:05:32]} f5 {[%emt 0:03:12]} 24. exf5 {[%emt 0:05:23]} gxf5 {[%emt 0:01:40]} 25. c4 {[%emt 0:03:36]} e4 {[%emt 0:01:18]} 26. Qd4 {[%emt 0:01:26]} Rc7 {[%emt 0:03:15]} 27. Qf2 {[%emt 0:01:17]} Rg7+ {[%emt 0:00:27]} 28. Kh2 {[%emt 0:01:03]} Qf6 {[%emt 0:03:07]} 29. Rg1 {[%emt 0:02:39]} f4 {[%emt 0:01:23]} 30. Rxg7+ {[%emt 0:00:28]} Qxg7 {[%emt 0:01:05]} 31. Nc3 {[%emt 0:00:50]} f3 {[%emt 0:01:20]} 32. Nxe4 {[%emt 0:00:30]} Qe5+ {[%emt 0:00:25]} 33. Ng3 {[%emt 0:00:30]} Nxg3 {[%emt 0:01:19]} 0-1

[Event "31st Roquetas de Mar Open 2020"]
[Site "Roquetas de Mar"]
[Date "2020.01.02"]
[Round "1.13"]
[White "Klekowski, Maciej"]
[Black "Atipov Hadzhiev, Cristian"]
[Result "1-0"]
[WhiteElo "2515"]
[BlackElo "2032"]
[Annotator "ChessBase"]
[PlyCount "61"]
[EventDate "2020.01.02"]
[EventType "swiss"]
[EventCountry "ESP"]
[SourceTitle "playchess.com"]
[Source "ChessBase"]
[SourceQuality "1"]
[TimeControl "5400+30"]

1. c4 c5 2. Nf3 Nc6 3. d4 cxd4 4. Nxd4 g6 5. e4 Bg7 6. Nc2 Nf6 7. Nc3 d6 8. Be2 O-O 9. O-O a5 10. Be3 Be6 11. f3 Nd7 12. Qd2 Nc5 13. Na3 a4 14. Rfd1 Qa5 15. Rac1 Rfc8 16. Bf1 Ne5 17. Qe2 Ncd7 18. Nd5 Bxd5 19. exd5 Nc5 20. Kh1 h5 21. Nb5 Re8 22. Rb1 Rac8 23. b4 axb3 24. axb3 Na6 25. h3 Nd7 26. b4 Qd8 27. Qf2 Ne5 28. Bb6 Qd7 29. c5 dxc5 30. bxc5 Qf5 31. Na7 1-0

[Event "31st Roquetas de Mar Open 2020"]
[Site "Roquetas de Mar"]
[Date "2020.01.02"]
[Round "1.14"]
[White "Buijs Martin, Urtzi"]
[Black "Sosa, Tomas"]
[Result "0-1"]
[WhiteElo "2028"]
[BlackElo "2508"]
[Annotator "ChessBase"]
[PlyCount "81"]
[EventDate "2020.01.02"]
[EventType "swiss"]
[EventCountry "ESP"]
[SourceTitle "playchess.com"]
[Source "ChessBase"]
[SourceQuality "1"]
[TimeControl "5400+30"]

1. e4 {[%emt 0:00:00]} c5 {[%emt 0:00:13]} 2. Nf3 {[%emt 0:00:00]} Nc6 {[%emt 0:00:10]} 3. d4 {[%emt 0:00:00]} cxd4 {[%emt 0:00:04]} 4. Nxd4 {[%emt 0:00:03]} Nf6 {[%emt 0:00:09]} 5. Nc3 {[%emt 0:00:08]} e5 {[%emt 0:00:15]} 6. Ndb5 {[%emt 0:00:12]} h6 {[%emt 0:00:09]} 7. Nd6+ {[%emt 0:07:10]} Bxd6 {[%emt 0:00:09]} 8. Qxd6 {[%emt 0:00:04]} Qe7 {[%emt 0:00:07]} 9. Qxe7+ {[%emt 0:04:52]} Kxe7 {[%emt 0:00:13]} 10. Be3 {[%emt 0:05:39]} d6 {[%emt 0:00:38]} 11. O-O-O {[%emt 0:03:38]} Be6 {[%emt 0:00:45]} 12. Bb5 {[%emt 0:01:21]} Rhc8 {[%emt 0:02:40]} 13. h3 {[%emt 0:08:28]} Na5 {[%emt 0:03:35]} 14. Rhe1 {[%emt 0:11:35]} Rxc3 {[%emt 0:03:47]} 15. bxc3 {[%emt 0:00:08]} Nxe4 {[%emt 0:00:07]} 16. f4 {[%emt 0:13:54]} Nxc3 {[%emt 0:01:22]} 17. Bd2 {[%emt 0:02:13]} Nxb5 {[%emt 0:17:34]} 18. Bxa5 {[%emt 0:00:30]} exf4 {[%emt 0:00:14]} 19. a4 {[%emt 0:12:38]} Na3 {[%emt 0:00:37]} 20. Bc7 {[%emt 0:00:47]} Nc4 {[%emt 0:00:30]} 21. Rd4 {[%emt 0:00:24]} Kd7 {[%emt 0:01:17]} 22. Bxd6 {[%emt 0:00:34]} Nxd6 {[%emt 0:00:09]} 23. Red1 {[%emt 0:00:14]} Ke7 {[%emt 0:00:42]} 24. Rxd6 {[%emt 0:00:08]} Rc8 {[%emt 0:00:31]} 25. Kb2 {[%emt 0:00:49]} g5 {[%emt 0:04:24]} 26. R6d4 {[%emt 0:00:38]} Kf6 {[%emt 0:00:53]} 27. Rb4 {[%emt 0:02:09]} Rc7 {[%emt 0:00:29]} 28. Rd8 {[%emt 0:01:46]} Bd7 {[%emt 0:00:43]} 29. a5 {[%emt 0:04:46]} a6 {[%emt 0:07:54]} 30. Rb6+ {[%emt 0:06:00]} Ke7 {[%emt 0:08:35]} 31. Rg8 {[%emt 0:05:34]} Bc6 {[%emt 0:03:23]} 32. h4 {[%emt 0:00:32]} Kf6 {[%emt 0:00:21]} 33. hxg5+ {[%emt 0:06:13]} hxg5 {[%emt 0:00:11]} 34. Kc3 {[%emt 0:00:50]} Kf5 {[%emt 0:00:37]} 35. Rxc6 {[%emt 0:02:21]} Rxc6+ {[%emt 0:00:30]} 36. Kd3 {[%emt 0:00:03]} Re6 {[%emt 0:00:48]} 37. Rb8 {[%emt 0:00:54]} Re7 {[%emt 0:00:09]} 38. Kd4 {[%emt 0:00:17]} g4 {[%emt 0:00:44]} 39. Rh8 {[%emt 0:01:08]} f3 {[%emt 0:00:18]} 40. gxf3 {[%emt 0:00:23]} gxf3 {[%emt 0:00:07]} 41. Rh1 {[%emt 0:00:14] Ke5+} 0-1

[Event "31st Roquetas de Mar Open 2020"]
[Site "Roquetas de Mar"]
[Date "2020.01.02"]
[Round "1.15"]
[White "Espinosa Aranda, Angel"]
[Black "Garrido Diaz, Ernesto"]
[Result "1-0"]
[WhiteElo "2504"]
[BlackElo "2020"]
[Annotator "TA"]
[PlyCount "91"]
[EventDate "2020.01.02"]
[EventType "swiss"]
[EventCountry "ESP"]
[SourceTitle "playchess.com"]
[Source "ChessBase"]
[SourceQuality "1"]

{[%evp 14,95,19,0,12,20,19,21,33,0,51,18,64,44,37,30,25,24,31,30,37,13,18,0,0,0,0,0,0,3,24,21,30,19,25,26,36,33,60,38,41,41,51,42,58,58,58,58,169,166,187,169,170,172,29988,0,161,120,86,8,10,7,0,0,5,1,44,0,0,0,0,0,0,0,653,649,29987,29988,29988,29989,29985,665,29979,12845]} 1. d4 d5 2. Nf3 Nf6 3. c4 e6 4. g3 Be7 5. Bg2 O-O 6. Nc3 c6 7. O-O Nbd7 8. Nd2 Re8 {E07: Closed Catalan: Main Line (5 Nf3 0-0 6 0-0 Nbd7)} (8... b6 9. e4 dxc4 10. Nxc4 Ba6 11. b3 b5 12. Ne3 b4 13. Ne2 Nb6 14. Bb2 c5 15. d5 Ne8 16. Re1 exd5 17. exd5 {1-0 (49) Wang,H (2717)-Shomoev,A (2561) Ho Chi Minh City 2016}) 9. e4 {Black must now prevent e5.} dxe4 10. Ndxe4 Nxe4 {The position is equal.} 11. Nxe4 (11. Bxe4 {feels hotter.} e5 12. d5 Nf6 13. Bg2 Bg4 14. Qb3) 11... Nf6 (11... f5 $1 $11 12. Nc3 e5) 12. Nc3 {[%cal Be4c3,Bc3a4,Ba4b2,Bb2c4,Bc4e5][%mdl 32]} Bd6 13. Re1 h6 14. b3 Bd7 $146 ({Predecessor:} 14... Qc7 15. Bb2 Bd7 16. Rc1 {1-0 (28) Gabuzyan,H (2577)-Smit,F (2052) Rome 2016}) 15. f4 Qc7 16. c5 Bf8 17. Na4 Rad8 18. Be3 Bc8 19. Qe2 Nd5 20. Bf2 g6 21. Nb2 h5 22. Nc4 h4 23. Ne5 hxg3 24. hxg3 Bg7 25. Bf3 Bxe5 26. dxe5 Kg7 27. Kg2 Rh8 28. Rh1 Rxh1 29. Rxh1 Qa5 30. Bxd5 cxd5 (30... Rxd5 $14 31. Be3 Qb5) 31. f5 $1 $18 exf5 {[#]} 32. e6 $1 {[%cal Re6f7][%mdl 512]} f6 (32... Bxe6 33. Bd4+) 33. Bd4 $1 Re8 $2 (33... Qa6 $18 34. Qb2 Rf8) 34. e7 $2 (34. Qe3 $1 {mates} Rh8 35. Rxh8 Qxa2+ 36. Kh3 f4 37. Qe5 $1 {[%mdl 576] Double Attack} Bxe6+ 38. Qxe6 Qg2+ {[%mdl 64] Decoy} 39. Kxg2 f3+ 40. Kxf3 Kxh8 41. Qxf6+ {[%mdl 64] Double Attack} Kh7 42. Qh8#) 34... Qc7 $2 (34... Qa6 $11 35. Qxa6 bxa6) 35. Qb2 Kf7 ({Wrong is} 35... Qxe7 $2 {[#]} 36. Bxf6+ $1 {[%mdl 512]} Qxf6 37. Rh7+ $1 {[%mdl 512]} Kxh7 38. Qxf6 $18) 36. Bxf6 (36. Qc1 $16 Qa5 37. Qh6 (37. Rh7+ Ke6 $14)) 36... Qxc5 $11 37. Bd4 Qb5 38. Qc2 {Rh7+ is the strong threat.} Qc6 39. Qe2 {White wants to mate with Rh7+.} Rg8 40. e8=Q+ Rxe8 41. Rh7+ {[#]} Kg8 $1 42. Rg7+ Kf8 43. Qb2 $40 {[%mdl 128] Intending Qa3+ and mate. White attacks.} Qd6 $2 {[%mdl 8192]} (43... Re7 $11) 44. Qc1 $18 {Hoping for Qh6!} b6 {[#] and the idea ...Qe6 leaves Black hopeful.} 45. Qh6 $1 {[%cal Rh6h8][%mdl 512]} Re2+ {[#]} 46. Kf1 {Played: Kg2-f3} 1-0

[Event "31st Roquetas de Mar Open 2020"]
[Site "Roquetas de Mar"]
[Date "2020.01.02"]
[Round "1.17"]
[White "Marin, Mihail"]
[Black "Bjerre, Tavs"]
[Result "1-0"]
[WhiteElo "2496"]
[BlackElo "2013"]
[Annotator "ChessBase"]
[PlyCount "43"]
[EventDate "2020.01.02"]
[EventType "swiss"]
[EventCountry "ESP"]
[SourceTitle "playchess.com"]
[Source "ChessBase"]
[SourceQuality "1"]
[TimeControl "5400+30"]

1. c4 {[%emt 0:00:00]} g6 {[%emt 0:00:27]} 2. g3 {[%emt 0:00:00]} Bg7 {[%emt 0:00:19]} 3. Bg2 {[%emt 0:00:00]} e5 {[%emt 0:00:48]} 4. Nc3 {[%emt 0:00:00]} Nc6 {[%emt 0:00:51]} 5. e3 {[%emt 0:00:52]} d6 {[%emt 0:01:35]} 6. Nge2 {[%emt 0:00:07]} f5 {[%emt 0:01:12]} 7. d4 {[%emt 0:00:33]} exd4 {[%emt 0:04:34]} 8. exd4 {[%emt 0:02:06]} Nf6 {[%emt 0:02:54]} 9. d5 {[%emt 0:09:15]} Ne5 {[%emt 0:02:31]} 10. O-O {[%emt 0:07:24]} O-O {[%emt 0:00:14]} 11. b3 {[%emt 0:00:03]} Ne4 {[%emt 0:10:38]} 12. Bb2 {[%emt 0:00:31]} Nxc3 {[%emt 0:09:47]} 13. Bxc3 {[%emt 0:00:20]} Nd7 {[%emt 0:04:46]} 14. Bxg7 {[%emt 0:03:39]} Kxg7 {[%emt 0:00:08]} 15. Nd4 {[%emt 0:00:25]} Nc5 {[%emt 0:10:07]} 16. b4 {[%emt 0:00:42]} Ne4 {[%emt 0:00:36]} 17. Qd3 {[%emt 0:00:14]} a5 {[%emt 0:07:45]} 18. a3 {[%emt 0:00:07]} axb4 {[%emt 0:01:34]} 19. axb4 {[%emt 0:00:06]} Rxa1 {[%emt 0:00:06]} 20. Rxa1 {[%emt 0:00:04]} Qf6 {[%emt 0:05:18]} 21. Re1 {[%emt 0:10:36]} Rf7 {[%emt 0:08:37]} 22. f3 {[%emt 0:02:50]} 1-0

[Event "31st Roquetas de Mar Open 2020"]
[Site "Roquetas de Mar"]
[Date "2020.01.03"]
[Round "2.1"]
[White "Guerra Rivera, Salvador"]
[Black "Grigoryan, Karen H."]
[Result "0-1"]
[WhiteElo "2315"]
[BlackElo "2632"]
[Annotator "TA RC"]
[PlyCount "54"]
[EventDate "2020.01.02"]
[EventType "swiss"]
[EventCountry "ESP"]
[SourceTitle "playchess.com"]
[Source "ChessBase"]
[SourceQuality "1"]

{[%evp 12,54,15,15,31,27,39,0,50,31,68,74,64,63,73,46,49,0,0,0,16,0,0,-51,-29,-54,-32,-48,-50,-33,-35,-94,-53,-179,-107,-140,-136,-417,-378,-511,-489,-1176,-1179,-1154,-1130]} 1. e4 e5 2. Nf3 Nc6 3. d4 exd4 4. Nxd4 Bc5 5. Nb3 Bb6 6. Qe2 d6 7. Nc3 Be6 {C45: Scotch Game} (7... Nge7 8. Be3 O-O 9. O-O-O f5 10. f4 fxe4 11. g3 Bxe3+ 12. Qxe3 Nf5 13. Bc4+ Kh8 14. Qe2 e3 15. Rhf1 {1-0 (39) Navara,D (2739)-Laznicka,V (2670) Prague 2019}) 8. Be3 Nf6 9. g3 Ne5 $146 {Threatens to win with ...Bg4.The position is equal.} ({Predecessor:} 9... d5 10. O-O-O d4 11. Bg5 O-O 12. e5 Re8 13. exf6 h6 14. Qh5 hxg5 15. Ne4 {1-0 (30) Negi,P (2631)-Adhiban,B (2551) Bad Wiessee 2011}) 10. Bg2 Bc4 11. Qd2 Ba6 {With the idea ...Nc4.} 12. Bxb6 {aiming for Bd4.} axb6 {[%cal Ba7b6,Bb6b5,Bb5b4][%mdl 32]} 13. O-O-O O-O 14. h3 Nc4 $36 {[%mdl 2048] Black fights for an advantage.} 15. Qf4 b5 16. Kb1 c6 17. Rhe1 (17. a3 $11) 17... b4 18. Ne2 $1 Nd7 19. Bf1 c5 20. Nec1 {Bxc4 is the strong threat.} b5 21. h4 (21. e5 $15 dxe5 22. Qf5) 21... Bc8 22. Qg5 {[#]} (22. e5 $15 Ndxe5 23. Nxc5 $1 {[%mdl 512]}) 22... Qc7 (22... Qb6 $1 $19 23. Nd2 Nde5 24. Nxc4 bxc4) 23. h5 h6 24. Qh4 $2 {[%mdl 8192]} (24. Qe7 $17) 24... Ndb6 $19 25. g4 Na4 {Black is clearly winning.} 26. Nd3 (26. Bxc4 $142 bxc4 27. g5) 26... Qa7 {( -> ...Nc3+!)} 27. Kc1 {[#]} Nc3 $1 {[%mdl 576] Back Rank. Accuracy: White = 27%, Black = 63%.} 0-1

[Event "31st Roquetas de Mar Open 2020"]
[Site "Roquetas de Mar"]
[Date "2020.01.03"]
[Round "2.2"]
[White "Lu, Shanglei"]
[Black "Kumar, Nikhil"]
[Result "1/2-1/2"]
[WhiteElo "2611"]
[BlackElo "2315"]
[Annotator "TA"]
[PlyCount "82"]
[EventDate "2020.01.02"]
[EventType "swiss"]
[EventCountry "ESP"]
[SourceTitle "playchess.com"]
[Source "ChessBase"]
[SourceQuality "1"]

{[%evp 9,82,10,10,4,23,23,20,22,29,4,7,0,4,0,0,0,0,0,15,0,0,0,0,-16,0,0,0,-4,0,-17,-20,-12,-21,-14,-8,-8,0,-2,-2,-13,-6,-20,0,0,0,0,0,0,0,0,0,0,0,0,0,0,0,0,3,0,0,0,0,0,0,0,0,0,0,0,0,0,0,0,0]} 1. e4 c6 2. d4 d5 3. e5 c5 4. dxc5 e6 5. a3 Bxc5 6. Nf3 {B12: Caro-Kann: Advance Variation} f6 7. b4 Be7 8. c4 $146 ({Predecessor:} 8. Bb2 Nd7 9. c4 Nxe5 10. Nxe5 fxe5 11. cxd5 Nf6 12. Bxe5 exd5 13. Nc3 {0-1 (65) Mamedov,R (2703)-Karthikeyan,M (2570) Caleta 2019}) 8... fxe5 9. cxd5 Nf6 $1 {The position is equal.} 10. Nc3 {[%cal Bb1c3,Bc3b5,Bb5d4][%mdl 32]} exd5 {And now ...Nc6 would win.} 11. Bb5+ Bd7 {White must now prevent ...d4.} 12. Nxe5 Bxb5 13. Nxb5 Nc6 14. Nxc6 (14. Bb2 {with more complications.} a5 15. O-O axb4 16. axb4 Rxa1 17. Bxa1 O-O 18. Nxc6 bxc6 19. Nd4) 14... bxc6 15. Nd4 Qd7 16. Qc2 Rc8 17. O-O O-O 18. Qf5 c5 19. Bg5 {[#] Qxd7 is the strong threat.} (19. Qxd7 {looks sharper.} Nxd7 20. bxc5 Nxc5 21. Be3 Ne4 22. Ne2) 19... cxd4 20. Qxd7 Nxd7 21. Bxe7 Rfe8 22. Bd6 d3 23. Rfd1 Rc3 24. Kf1 Nb6 25. b5 Nc4 26. Bb4 $1 {[%cal Rb4c3]} Rb3 27. Rab1 Rxb1 28. Rxb1 $11 {[%mdl 4096] Endgame KRB-KRN} Rb8 29. Rd1 d2 30. a4 a6 $1 31. Bxd2 axb5 32. axb5 Nxd2+ 33. Rxd2 Rxb5 {KR-KR} 34. Ke2 Kf7 35. Kd3 Ke6 36. Re2+ Kd6 37. Ra2 Rb3+ 38. Kd4 Rb4+ 39. Kd3 Rb3+ 40. Kd4 Rb4+ 41. Kd3 Rb3+ {Accuracy: White = 57%, Black = 73%.} 1/2-1/2